000 00423nam a2200169Ia 4500
001 8154
008 140324s9999 xx 000 0 und d
020 _a0-06-095076-5
040 _cPK-LaUMT
082 _a 616.8982
_bTOR-S
100 _aTorrey, E. Fuller
245 _aSurving schizophrenia : A manual for families, consumers, an
_cTorrey, E. Fuller
260 _c1995
300 _a409 p.
546 _aEN
942 _cBK
999 _c9527
_d9527